000 00667nam a22002171c 4500
001 a987692118
008 190530s1988 gw |||| 000u ger d
020 _a3499303921
_93-499-30392-1
041 _ager
100 1 _aNeumann-Hoditz, Reinhold
245 0 0 _aKatharina II. die Große :
_bmit Selbstzeugnissen und Bilddokumenten
246 1 0 _aKatharina die Große : mit Selbstzeugnissen und Bilddokumenten
264 _aReinbek bei Hamburg :
_bRowohlt,
_c1988
300 _a157 Seiten
600 0 _aKatharina <II., Russland, Zarin>
655 0 _aBiografie
942 _cMG
040 _cRU-10907106
003 RU-10907106
999 _c53883
_d53883
490 0 _aRowohlts Monographien
_v389